|
|
|
|
| LEADER |
00000cam a2200000 a 4500 |
| 001 |
UCD1202 |
| 003 |
CL-VaPUC |
| 005 |
20221201163733.0 |
| 008 |
160114e20140000sp |||||||||||||||||spa|d |
| 999 |
|
|
|c 362598
|d 362596
|
| 020 |
|
|
|a 9788490224113
|
| 040 |
|
|
|c Pontificia Universidad Católica de Valparaíso
|
| 082 |
0 |
4 |
|a 616.01 MUR 2014
|2 21
|
| 100 |
|
|
|a Murray, Patrick R.
|e autor
|9 597468
|
| 245 |
1 |
0 |
|a Microbiología médica
|
| 250 |
|
|
|a Séptima edición
|
| 260 |
|
|
|a Madrid
|b Elsevier
|c 2014
|
| 300 |
|
|
|a 872 páginas
|
| 583 |
|
|
|a last modification
|c 20160114 01:07:00
|k Rodrigo Vera
|
| 650 |
|
0 |
|a Microbiología médica
|9 326614
|
| 650 |
|
0 |
|a Microbiología molecular
|9 358383
|
| 700 |
0 |
|
|a Rosenthal, Ken S
|9 584289
|
| 700 |
0 |
|
|a Pfaller, Michael A
|9 584290
|
| 942 |
|
|
|c BK
|2 ddc
|
| 945 |
|
|
|d 20160114 01:07:00
|a dcastane
|
| 952 |
|
|
|0 0
|1 0
|2 ddc
|3 erb
|4 0
|6 616_010000000000000_MUR_2014
|7 0
|8 A
|9 473949
|a BIBCUR
|b BIBCUR
|i 5262577
|l 5
|m 2
|o 616.01 MUR 2014
|p 5262577
|r 2025-04-22
|s 2023-08-08
|t 1
|w 2019-11-24
|y BK
|z Catalogado en:20160114
|k BIO
|
| 952 |
|
|
|0 0
|1 0
|2 ddc
|3 erb
|4 0
|6 616_010000000000000_MUR_2014
|7 0
|8 A
|9 473950
|a BIBCUR
|b BIBCUR
|i 5262569
|l 7
|m 1
|o 616.01 MUR 2014
|p 5262569
|r 2025-04-22
|s 2023-08-09
|t 2
|w 2019-11-24
|y BK
|z Catalogado en:20160114
|k BIO
|